Rakesh Yadav sir's class notes of general notes of general studies geography / (Record no. 148994)

MARC details
000 -LEADER
fixed length control field 00810nam a22002057a 4500
005 - DATE AND TIME OF LATEST TRANSACTION
control field 20180111164631.0
010 ## - LCCN (DPL NO)
LC control number B-685721
020 ## - INTERNATIONAL STANDARD BOOK NUMBER
Terms of availability 180.00
035 ## - SYSTEM CONTROL NUMBER
System control number B-685721
037 ## - SOURCE OF ACQUISITION
Source of stock number/acquisition PANSY BOOKS(RP)
082 ## - DEWEY DECIMAL CLASSIFICATION NUMBER
Classification number 910
100 ## - MAIN ENTRY--PERSONAL NAME
Personal name Yadav,Rakesh
245 ## - TITLE STATEMENT
Title Rakesh Yadav sir's class notes of general notes of general studies geography /
Statement of responsibility, etc by Rakesh Yadav
260 ## - PUBLICATION, DISTRIBUTION, ETC. (IMPRINT)
Place of publication, distribution, etc Delhi
Name of publisher, distributor, etc Rakesh Yadav Readres Publication
Date of publication, distribution, etc 2017
270 ## - ADDRESS
Address 1425,Outram lane near B.B.M,Depot,GTB Nagar
City Delhi
Postal code 110009
300 ## - PHYSICAL DESCRIPTION
Extent 268p.
Dimensions 28cm(pbk)
505 ## - FORMATTED CONTENTS NOTE
Formatted contents note for SSC,CGL CPO SI CHSL,NDA/CDS and day competitive exams
942 ## - ADDED ENTRY ELEMENTS (KOHA)
Source of classification or shelving scheme Dewey Decimal Classification
Item type English Books
Classification part 910
Call number suffix YAD
Holdings
Withdrawn status Lost status Not for loan Collection code Home library Current library Date acquired Source of acquisition Cost, normal purchase price Full call number Barcode Copy number Cost, replacement price Koha item type
      Non-fiction Shahdara Branch Shahdara Branch 08/01/2018 RP-Shahdara- Bill No.1709, dated 26.12.2017 180.00 910 YAD B-685721 1 180.00 English Books

© Delhi Public Library
Hit Counter
free hit counter